स्कन्दगुप्त (Record no. 66097)
[ view plain ]
| 000 -LEADER | |
|---|---|
| fixed length control field | 00311nam a22000977a 4500 |
| 100 ## - MAIN ENTRY--AUTHOR NAME | |
| Personal name | शंकर प्रसाद |
| 245 ## - TITLE STATEMENT | |
| Title | स्कन्दगुप्त |
| 260 ## - PUBLICATION, DISTRIBUTION, ETC. (IMPRINT) | |
| Place of publication | दिल्ली |
| Name of publisher | लोकभारती प्रकाशन |
| Year of publication | 2022 |
| 650 ## - SUBJECT ADDED ENTRY--TOPICAL TERM | |
| Topical Term | नाटक |
| 942 ## - ADDED ENTRY ELEMENTS (KOHA) | |
| Koha item type | Hindi Books |
| Withdrawn status | Lost status | Damaged status | Not for loan | Home library | Current library | Date acquired | Cost, normal purchase price | Full call number | Accession Number | Price effective from | Koha item type |
|---|---|---|---|---|---|---|---|---|---|---|---|
| MACL | MACL | 18/08/2023 | 80.00 | 891.432/PAR/D | GCLC01077 | 18/08/2023 | Hindi Books | ||||
| MACL | MACL | 18/08/2023 | 80.00 | 891.432/PAR/D | GCLC01076 | 18/08/2023 | Hindi Books |









